000 00607cam a22002291 4500
001 sa 65010821
003 DLC
005 20260227112211.0
008 790825s1965 ii b 000 0 eng
010 _asa 65010821
035 _a(OCoLC)5309637
040 _aDLC
_cTxCM
_dDLC
042 _apremarc
050 0 0 _aHC435
_b.R593
100 1 _aRoy, Ajit.
245 1 0 _aPlanning in India;
_bachievements and problems.
250 _a[1st ed.]
260 _aCalcutta,
_bNational Publishers
_c[1965]
300 _a523 p.
_c23 cm.
504 _aBibliographical footnotes.
651 0 _aIndia
_xEconomic policy.
999 _c66964
_d66964